Statistics for 4L Tracklist (Yeat)

Click here to take the quiz!

General Stats

  • This quiz has been taken 32 times
  • The average score is 8 of 20

Answer Stats

HintAnswer% Correct
2Sorry Bout That
87%
8Off Tha Lot
70%
5Goin Back 2 Ella
65%
10Talk 2 God
61%
16Money Twerk
57%
4Jus Wokeup
48%
9Big Stonez
43%
7Chanelly
43%
15Mountain Climbers
43%
17Ok Kool
43%
11Prove Sum
43%
6WTF
43%
13All I See
39%
3Foreally / 4Ly
39%
14Swerved It
39%
20Tried 2 Tell U Outro
26%
1Teslas N Rovers
22%
12Sidewayz
13%
18Bed Side Love
0%
19Living Hi
0%

Score Distribution

Percentile by Number Answered

Percent of People with Each Score

Your Score History

You have not taken this quiz